NBA Starters 2022–2023 (Updated Weekly) - Statistics

General Stats
  • This quiz has been taken 113 times
  • The average score is 111 of 150
Answer Stats
Team Pos Player % Correct
76ers PG James Harden
99%
76ers C Joel Embiid
99%
Magic SG Gary Harris
96%
76ers PF Tobias Harris
96%
Bucks PF Giannis Antetokounmpo
95%
Cavaliers SG Donovan Mitchell
93%
Hawks PG Trae Young
93%
Bulls SF Demar DeRozan
91%
Celtics SF Jayson Tatum
91%
Clippers SG Paul George
91%
Cavaliers PG Darius Garland
90%
Hawks SG Dejounte Murray
90%
Nuggets PG Jamal Murray
90%
Grizzlies PG Ja Morant
90%
Celtics SG Jaylen Brown
90%
Bucks PG Jrue Holiday
90%
Kings PF Keegan Murray
90%
Bucks SG Khris Middleton
90%
Celtics PG Marcus Smart
90%
Warriors PG Stephen Curry
90%
Lakers C Anthony Davis
89%
Bucks C Brook Lopez
89%
Hawks C Clint Capela
89%
Warriors PF Draymond Green
89%
Heat SF Jimmy Butler
89%
Lakers PF LeBron James
89%
Mavericks PG Luka Doncic
89%
Bulls PF Patrick Williams
89%
Cavaliers C Evan Mobley
88%
Rockets SG Jalen Green
88%
Thunder PF Jalen Williams
88%
Grizzlies C Jaren Jackson Jr.
88%
Cavaliers PF Jarrett Allen
88%
Thunder F Jaylin Williams
88%
Mavericks PF Josh Green
88%
Clippers SF Kawhi Leonard
88%
Warriors SG Klay Thompson
88%
Hornets C Mark Williams
88%
Celtics C Robert Williams III
88%
Suns PG Chris Paul
86%
Kings PG De'Aaron Fox
86%
Bucks SG Grayson Allen
86%
Pistons C Jalen Duren
86%
Nuggets C Nikola Jokic
86%
Heat C Bam Adebayo
85%
Trail Blazers PG Damian Lillard
85%
Suns SG Devin Booker
85%
Kings C Domantas Sabonis
85%
Suns PF Kevin Durant
85%
Raptors PF Pascal Siakam
85%
Celtics PF Al Horford
84%
Lakers PG D'Angelo Russell
84%
Grizzlies SG Desmond Bane
84%
Wizards C Kristaps Porzingis
84%
Bulls C Nikola Vucevic
84%
Wizards SG Bradley Beal
83%
Suns C Deandre Ayton
83%
Knicks PG Jalen Brunson
83%
Knicks PF Julius Randle
83%
Heat PG Kyle Lowry
83%
Jazz SF Lauri Markkanen
83%
Nets SG Mikal Bridges
83%
Magic PF Paolo Banchero
83%
Heat PG Tyler Herro
83%
Pelicans SG Bradon Ingram
81%
Pelicans PG C. J. McCollum
81%
76ers PF P. J. Tucker
81%
Knicks SF R.J. Barrett
81%
Timberwolves C Rudy Gobert
81%
Thunder PG S. Gilgeous-Alexander
81%
Pacers PG Tyrese Haliburton
81%
Grizzlies SF Dillon Brooks
80%
Clippers C Ivica Zubac
80%
Hawks PF John Collins
80%
Mavericks SG Kyrie Irving
80%
Clippers PG Russell Westbrook
80%
Spurs C Zach Collins
80%
Nuggets PF Aaron Gordon
79%
Trail Blazers SG Anfernee Simons
79%
Timberwolves SG Anthony Edwards
79%
Nets PF Dorian Finney-Smith
79%
Knicks C Mitchell Robinson
79%
Warriors SF Andrew Wiggins
78%
Nets SF Cameron Johnson
78%
Thunder SG Josh Giddey
78%
Spurs SF Keldon Johnson
78%
Warriors C Kevon Looney
78%
Pacers C Myles Turner
78%
Hornets SG Terry Rozier
78%
Kings SF Harrison Barnes
77%
Trail Blazers C Jusuf Nurkic
77%
Raptors PG Scottie Barnes
77%
Rockets PG Kevin Porter Jr.
74%
Nuggets SF Michael Porter Jr.
74%
Grizzlies PF Brandon Clarke
73%
Pelicans C Jonas Valanciunas
73%
Raptors SF O. G. Anunoby
73%
Hornets PG Dennis Smith Jr.
72%
Magic SF Franz Wagner
72%
Hornets SF Gordon Hayward
72%
Rockets PF Jabari Smith Jr.
72%
Kings SG Kevin Huerter
72%
Timberwolves PG Mike Conley
72%
Nets C Nic Claxton
72%
Wizards PF Kyle Kuzma
70%
Nets PG Spencer Dinwiddie
70%
Hawks SF De'Andre Hunter
69%
Rockets C Alperen Sengun
67%
Pacers SF Buddy Hield
67%
Pelicans SF Herbert Jones
67%
Spurs PG Tre Jones
67%
Bulls SG Alex Caruso
65%
Trail Blazers PF Jerami Grant
65%
Jazz SG Jordan Clarkson
65%
Nuggets SG K. Caldwell-Pope
65%
Jazz C Walker Kessler
65%
Pistons SF Bojan Bogdanovic
64%
Lakers SF Jarred Vanderbilt
64%
Clippers PF Marcus Morris Sr.
64%
Wizards PG Monte Morris
64%
Jazz PG Collins Sexton
63%
Pistons SG Jaden Ivey
63%
Mavericks C Dwight Powell
62%
Cavaliers SF Isaac Okoro
62%
Magic PG Markelle Fultz
58%
Hornets PF P. J. Washington
56%
Magic C Wendell Carter Jr.
56%
Raptors PF Jakob Poeltl
54%
Heat PF Caleb Martin
53%
Rockets SF Kenyon Martin Jr.
53%
Thunder SF Luguentz Dort
52%
Spurs SG Devin Vassell
51%
Raptors SG Gary Trent Jr.
51%
Pistons PG Killian Hayes
51%
Pistons PF Isaiah Stewart
49%
Spurs PF Jeremy Sochan
47%
Bulls SG Ayo Dosunmu
46%
Mavericks SF Reggie Bullock
46%
76ers SG De'Anthony Melton
44%
Timberwolves SF Kyle Anderson
41%
Lakers SG Malik Beasley
41%
Knicks SG Quentin Grimes
40%
Wizards SF Deni Avdija
35%
Jazz PF Kelly Olynyk
35%
Pelicans PF Trey Murphy III
28%
Suns SF Josh Okogie
26%
Pacers PF Aaron Nesmith
22%
Trail Blazers SF Cam Reddish
10%
Pacers SG Andrew Hembhard
1%
Timberwolves PF Jaden McDanield
1%
No matching quizzes found
Score Distribution
Percent of People with Each Score
Percentile by Number Answered
Your Score History
You have not taken this quiz